00665nam a22002177a 45000010005000000030006000050050017000110080041000280400029000690500015000980820008001131000024001212450076001452600059002213000043002805050008003235210029003315210020003606500039003807000028004198052FISKH20250819161614.0250819b cb ||||| |||| 00| 0 eng d aFISKHbengcFISKHdFISKH aPZ7.M196 P a813 aMacKellar, William  aA place by the fire / cby William MacKellar : Illustrated by W.T.Mars  aChicago : bScience Research Asspcoates ,Inc. ,c1966. a32 pages : billustrations ;c20 cm .  aK 8 a510 bLexile estimate 8 aK bRaz-Plus  aFamily RoomvChildren's literature aMars, W.T.eIllustrator